Bekannte Orks (Herr der Ringe) - Statistiken

Allgemein
  • Dieses Quiz wurde 121 mal gespielt
  • Das Durchschnittsergebnis liegt bei 3 aus 10
Antwortstatistiken
Hinweis Name des Orks % Korrekt
Ein Ork-Hauptmann, der im "Hobbit" und in den Anhängen von "Der Herr der Ringe" erwähnt wird. Er tötete Thrór und wurde später von Dain II. Eisenfuß getötet. Azog
94%
Sohn von oben genanntem Ork-Hauptmann, er führte die Orks in der Schlacht der Fünf Heere im "Hobbit". Bolg
78%
Ein Ork-Leutnant von Morgul, der in "Die Rückkehr des Königs" erwähnt wird. (In den Filmen ist er ein Ork, während er in den Büchern nicht eindeutig als solcher identifiziert wird.) Gothmog
44%
Der Anführer der Uruk-hai, die Merry und Pippin in "Die zwei Türme" entführen. Uglúk
23%
Ein Ork aus Mordor, der in "Die Gefährten" und "Die zwei Türme" vorkommt. Grishnákh
14%
Ein Ork-Hauptmann aus Minas Morgul, der in "Die zwei Türme" erscheint. Gorbag
13%
Ein Ork-Hauptmann aus Cirith Ungol, der in "Die zwei Türme" und "Die Rückkehr des Königs" erscheint. Shagrat
8%
Ein Uruk-hai, der in "Die zwei Türme" erwähnt wird. Mauhúr
5%
Ein Ork, der von Kankra (Spinne) gefangen genommen wurde, erwähnt in "Die zwei Türme". Ufthak
3%
Ein Uruk-hai, der in "Die zwei Türme" vorkommt. Lugdush
1%
Keine übereinstimmenden Quizze gefunden
Verteilung der Resultate
Anzahl Personen mit jedem Resultat
Perzentil nach korrekt beantworteten Fragen
Ihre Resultats-Entwicklung
Sie haben dieses Quiz noch nicht gespielt